| 000 | 01199nam a2200229 a 4500 | ||
|---|---|---|---|
| 001 | BS0002754 | ||
| 003 | BR-BrBNA | ||
| 005 | 20230418192123.0 | ||
| 008 | 230308b |||||||| |||| 00| 0 por d | ||
| 040 |
_aBR-BrBNA _bpor _cBiblioteca Nacional de Agricultura |
||
| 041 | _apor | ||
| 072 | _aC12 | ||
| 090 | _aC12 BS0002754 | ||
| 100 | 1 | _aBial, Pedro | |
| 245 | 1 | _aCrônicas de Reporter: O correspondente internacional conta tudo o que não se diz no ar / | |
| 260 | 3 |
_aRio de Janeiro, RJ: _bObjetiva, _c1996. |
|
| 300 | _a217 p. | ||
| 520 | 3 | _aO que acontece antes e depois daqueles rápidos segundos em que um repórter internacional entra em nossa casa, com as últimas novidades do mundo? Como é o dia-a-dia dos que passam a viver esse exílio voluntário? Como estar no lugar certo, na hora certa? Em 'Crônicas de Repórter', Pedro Bial vem dividir conosco um pouco desta adrenalina que o olho frio da câmera deixa escapar. São histórias divertidas, trágicas, emocionantes. São pinceladas sensíveis, poéticos flashes do cotidiano, contundentes reflexões de alguém que testemunhou o mundo mudar. | |
| 650 | _aJORNALISMO | ||
| 909 |
_a202304 _bSergio Santos _c56 _dSergio Santos |
||
| 942 | _cBK | ||
| 999 |
_c7812 _d7812 |
||